000 00859cam a22002418a 4500
003 OSt
005 20240724095213.0
008
040 _cNUST
_aNUST
_beng
_dNUST
_erda
050 _aTH151 MIT
100 1 _aGeorge A,Mitchell
_eAuthor
245 1 0 _aBuilding construction
_c:a Text book on the principles and details of modern construction for the use of students and practical men.
250 _aFourteenth Edition
260 _aLondon :
_bBatsford,
_c1944.
300 _axvi, 1134 pages.
_billustration ;
_c19 cm.
336 _2rdacontent
_aText
_btxt
337 _2rdamedia
_aunmediated
_bn
338 _2rdacarrier
_avolume
_bnc
504 _aIncludes bibliographical references.
650 0 _aBuilding
650 0 _aConstruction industry
942 _cBOOKS
_kTH
_mMIT
_2lcc
_eFourteenth edition
_hTH151
_n0
999 _c126138
_d126138